000 01173nam0a22002891 4500
001 RU\INFOCOMM_322\NLR\5000107507
005 20250614080047.0
035 _a(NLR Aleph) 010592092
090 _a10506237
_c10506237
100 _a20121213d1932 |||y0rusy50 ca
101 0 _agre
102 _aRU
105 _ay z||||
200 1 _aˆ...‰ Torganoman ke i techniki sa dulias ti rasatniku ti kapnu
_fMetáfrasi Th. Grigoriadi
_gIpefthinos sintachtis Ch. Katsalob
210 _aRostob-Don
_c"Komunistis"
_d1932
215 _a71 с.
_cил.
_d18 см
300 _aНа обороте тит. л.: Кругляков, И. Я. Об организации и технике проведения работ на табачном рассадном хозяйстве
300 _aТит. л. и текст на греч. яз.
517 1 _aKrugliakob I. Gia Torganoman ke i techniki sa dulias ti rasatniku ti kapnu
620 _aРостов на Дону
700 1 _9z01790
_aKrugljakov
_bI. Ja.
790 1 _9z01700
_aKrugliakob
_bI. G.
_gI. Gia
_4070
801 1 _aRU
_bNLR
_c20121213
801 0 _aRU
_bINFOCOMM
_gPSBO
852 _aNLR
_jD8/379
942 _cBOOK
980 _aNB